Meisterschaften Bayern München - Sudden Death - Statistiken

Allgemein
  • Dieses Quiz wurde 138 mal gespielt
  • Das Durchschnittsergebnis liegt bei 10 aus 21
Answers on the Grid
Answers color-coded by a green-red scale on the quiz's grid according to % correct below.
22/23
19/20
99/00
24/25
20/21
18/19
15/16
17/18
08/09
16/17
98/99
13/14
23/24
14/15
09/10
10/11
11/12
03/04
12/13
96/97
05/06
07/08
06/07
04/05
01/02
02/03
97/98
00/01
95/96
21/22
 
Antwortstatistiken
Antwort % Korrekt
19/20
72%
20/21
72%
21/22
71%
22/23
68%
13/14
67%
15/16
66%
17/18
63%
24/25
63%
18/19
61%
12/13
60%
16/17
60%
14/15
56%
09/10
38%
00/01
32%
99/00
32%
05/06
30%
07/08
28%
02/03
23%
04/05
23%
98/99
22%
96/97
14%
Keine übereinstimmenden Quizze gefunden
Verteilung der Resultate
Anzahl Personen mit jedem Resultat
Perzentil nach korrekt beantworteten Fragen
Ihre Resultats-Entwicklung
Sie haben dieses Quiz noch nicht gespielt